Migration of birds

محفوظ في:
التفاصيل البيبلوغرافية
المؤلف الرئيسي: Lincoln, Frederick C. (autor)
التنسيق: كتاب
اللغة:الإنجليزية
منشور في: Washington, D.C, USA Fish and Wildlife Service United States Department of the Interior 1950
سلاسل:Circular. 16
الموضوعات:
الوسوم: إضافة وسم
لا توجد وسوم, كن أول من يضع وسما على هذه التسجيلة!

MARC

LEADER 00000nam a2200000 a 4500
001 UCT5491
003 CL-VaPUC
005 20230904111506.0
008 961211e19500000US |||||||||||||||||eng|d
999 |c 254412  |d 254410 
040 |c Pontificia Universidad Católica de Valparaíso 
082 0 4 |a 598.252 LIN 1950  |2 21 
100 |a Lincoln, Frederick C.  |e autor  |9 374986 
245 1 0 |a Migration of birds 
260 0 3 |a Washington, D.C, USA  |b Fish and Wildlife Service United States Department of the Interior  |c 1950 
300 |a 102 páginas 
490 0 |a Circular.  |v 16 
583 |a last modification  |c 19961211 00:00:00  |k Rodrigo Vera 
650 0 |a Aves  |9 262192 
650 0 |a Animales   |9 269820 
650 0 |a Zoología  |9 261613 
650 7 |a COMPORTAMIENTO ANIMAL  |2 CL-VaPUC  |9 334602 
650 7 |a MIGRACION ANIMAL  |2 CL-VaPUC  |9 338079 
942 |c BK  |2 ddc 
945 |d 19961211 00:00:00  |a paguirre 
952 |0 0  |1 0  |2 ddc  |4 0  |6 598_252000000000000_LIN_1950  |7 0  |8 A  |9 276072  |a BIBCUR  |b BIBCUR  |d 2019-11-19  |i 1797433  |l 1  |o 598.252 LIN 1950  |p 1797433  |r 2025-04-22  |s 2024-10-10  |t 1  |w 2019-11-19  |y BK  |k BIO